Theatre / (Record no. 109673)
[ view plain ]
| 000 -CABECERA | |
|---|---|
| campo de control de longitud fija | 00822nam a2200277 a 4500 |
| 001 - NÚMERO DE CONTROL | |
| campo de control | vtls000122194 |
| 003 - IDENTIFICADOR DEL NÚMERO DE CONTROL | |
| campo de control | ES-BaIT |
| 005 - FECHA Y HORA DE LA ÚLTIMA TRANSACCIÓN | |
| campo de control | 20211008104745.0 |
| 007 - CAMPO FIJO DE DESCRIPCIÓN FÍSICA--INFORMACIÓN GENERAL | |
| campo de control de longitud fija | t| |
| 008 - DATOS DE LONGITUD FIJA--INFORMACIÓN GENERAL | |
| campo de control de longitud fija | 100810s2010 xxka || |000 |eng|d |
| 010 ## - NÚMERO DE CONTROL DE LA BIBLIOTECA DEL CONGRESO | |
| Número de control de LC | 122194 |
| 020 ## - NÚMERO INTERNACIONAL ESTÁNDAR DEL LIBRO | |
| Número Internacional Estándar del Libro | 9780571255245 |
| 035 ## - NÚMERO DE CONTROL DEL SISTEMA | |
| Número de control de sistema | 0122-19460 |
| -- | ES-BaIT035 |
| 039 #9 - NIVEL DE CONTROL BIBLIOGRÁFICO Y DETALLES DE CODIFICACIÓN [OBSOLETO] | |
| Nivel de reglas en descripción bibliográfica | 201403080645 |
| Nivel de esfuerzo utilizado para asignar no-encabezamientos de materia en puntos de acceso | VLOAD |
| Nivel de esfuerzo utilizado en la asignación de encabezamientos de materia | 201303100011 |
| Nivel de esfuerzo utilizado para asignar clasificación | VLOAD |
| -- | 201110060131 |
| -- | VLOAD |
| 080 ## - NÚMERO DE LA CLASIFICACIÓN DECIMAL UNIVERSAL | |
| Número de la Clasificación Decimal Universal | 792.01 |
| 040 ## - FUENTE DE LA CATALOGACIÓN | |
| Centro catalogador/agencia de origen | ES-BaIT |
| Lengua de catalogación | cat |
| 100 1# - ENTRADA PRINCIPAL--NOMBRE DE PERSONA | |
| Nombre de persona | Mamet, David |
| 9 (RLIN) | 31219 |
| 245 10 - MENCIÓN DE TÍTULO | |
| Título | Theatre / |
| Mención de responsabilidad, etc. | David Mamet |
| 260 ## - PUBLICACIÓN, DISTRIBUCIÓN, ETC. | |
| Lugar de publicación, distribución, etc. | London [etc.] : |
| Nombre del editor, distribuidor, etc. | Faber and Faber, |
| Fecha de publicación, distribución, etc. | 2010 |
| 300 ## - DESCRIPCIÓN FÍSICA | |
| Extensión | x, 157 p. : |
| Otras características físicas | il.; |
| Dimensiones | 20 cm |
| 504 ## - NOTA DE BIBLIOGRAFÍA, ETC. | |
| Nota de bibliografía, etc. | Bibliografia |
| 650 00 - PUNTO DE ACCESO ADICIONAL DE MATERIA--TÉRMINO DE MATERIA | |
| Término de materia o nombre geográfico como elemento de entrada | Teatre |
| Subdivisión general | Filosofia |
| 9 (RLIN) | 68842 |
| 940 ## - EQUIVALENCIA O REFERENCIA-CRUZADA--TÍTULO UNIFORME [OBSOLETO] [solamente CAN/MARC] | |
| Título uniforme | <a href="CVA7">CVA7</a> |
| 949 ## - PROCESAMIENTO DE INFORMACIÓN LOCAL (OCLC) | |
| -- | VIRTUAITEM |
| -- | 40000 |
| -- | 40000 |
| -- | 1 |
| 6 | 1900058905 |
| a | 792.01 MAM |
| 949 ## - PROCESAMIENTO DE INFORMACIÓN LOCAL (OCLC) | |
| -- | VIRTUAITEM |
| -- | 10040 |
| -- | 10040 |
| -- | 1 |
| 6 | 1900060568 |
| a | 792.01 MAM |
| Estado de retiro | Estado de pérdida | Estado dañado | No para préstamo | Localización permanente | Ubicación/localización actual | Ubicación en estantería | Fecha de adquisición | Fuente de adquisición | Información codificada de la localización en otra ubicación | Total de préstamos | Signatura topográfica completa | Código de barras | Fecha visto por última vez | Número de copia | Precio válido a partir de | Tipo de ítem Koha |
|---|---|---|---|---|---|---|---|---|---|---|---|---|---|---|---|---|
| Biblioteca Barcelona | Biblioteca Barcelona | BCN Lliure Accés | 10/08/2010 | Compra | 10040 | 4 | 792.01 MAM | 1900060568 | 08/01/2016 | 1 | 11/08/2021 | Llibre | ||||
| Biblioteca Terrassa | Biblioteca Terrassa | VALLÈS-J.Oliver | 10/09/2010 | Compra | 40000 | 792.01 MAM | 1900058905 | 10/09/2010 | 1 | 11/08/2021 | Llibre |


